[Event "CZE-chT2F 1516"]
[Site "Czech Republic"]
[Date "2016.04.17"]
[Round "11.68"]
[White "Kocur, Valter"]
[Black "Stonavsky, Filip"]
[Result "1-0"]
[WhiteElo "2032"]
[BlackElo "1711"]
[PlyCount "41"]
[EventDate "2015.10.18"]
[EventType "team-tourn"]
[EventRounds "11"]
[EventCountry "CZE"]
[SourceTitle "EXT 2022"]
[Source "ChessBase"]
[SourceDate "2021.10.06"]
[SourceVersion "1"]
[SourceVersionDate "2021.10.06"]
[SourceQuality "1"]
[WhiteTeam "Benesov Dolni"]
[BlackTeam "Trinec II"]
[WhiteTeamCountry "CZE"]
[BlackTeamCountry "CZE"]

1. c4 Nf6 2. Nc3 g6 3. g3 Bg7 4. Bg2 c6 5. e4 d6 6. d4 0-0 7. Nge2 a5 8. 0-0 Bg4 9. h3 Bxe2 10. Qxe2 Nbd7 11. e5 dxe5 12. dxe5 Ne8 13. e6 fxe6 14. Qxe6+ Kh8 15. Bg5 Nef6 16. Rad1 Qb6 17. b3 Rad8 18. Na4 Nc5 19. Rxd8 Rxd8 20. Qxe7 Rd7 21. Qxc5 1-0

[Event "Pardubice op rap 26th"]
[Site "Pardubice"]
[Date "2015.07.23"]
[Round "4"]
[White "Stonavsky, Filip"]
[Black "Weber, Jannis"]
[Result "1-0"]
[WhiteElo "1756"]
[BlackElo "1903"]
[PlyCount "45"]
[EventDate "2015.07.22"]
[EventType "swiss (rapid)"]
[EventRounds "9"]
[EventCountry "CZE"]
[SourceTitle "CBM 167 Extra"]
[Source "ChessBase"]
[SourceDate "2015.09.14"]
[SourceVersion "1"]
[SourceVersionDate "2015.09.14"]
[SourceQuality "1"]

1. e4 c5 2. b4 cxb4 3. a3 e5 4. axb4 Bxb4 5. c3 Be7 6. Nf3 Nc6 7. Bb5 Nf6 8. 0-0 0-0 9. Bxc6 dxc6 10. Nxe5 Nxe4 11. Re1 Nf6 12. d4 Bf5 13. Nd2 c5 14. Ndf3 Ne4 15. Qb3 Qb6 16. Qxb6 axb6 17. Rxa8 Rxa8 18. g4 Be6 19. Rxe4 Ra1 20. Re1 c4 21. Nd2 Bg5 22. Nexc4 Bxc4 23. Re8# 1-0

[Event "Orlova op-A 12th"]
[Site "Orlova"]
[Date "2015.05.29"]
[Round "6"]
[White "Stonavsky, Filip"]
[Black "Walica, Roman"]
[Result "0-1"]
[WhiteElo "1730"]
[BlackElo "1900"]
[PlyCount "96"]
[EventDate "2015.05.24"]
[EventType "swiss"]
[EventRounds "9"]
[EventCountry "CZE"]
[SourceTitle "CBM 166 Extra"]
[Source "ChessBase"]
[SourceDate "2015.06.18"]
[SourceVersion "1"]
[SourceVersionDate "2015.06.18"]
[SourceQuality "1"]

1. d4 Nf6 2. c4 e6 3. Nf3 d5 4. Bg5 Nbd7 5. e3 Be7 6. Nc3 c6 7. Qc2 h6 8. Bf4 0-0 9. h4 dxc4 10. g4 Nxg4 11. Rg1 h5 12. Bh3 e5 13. dxe5 Nc5 14. Bxg4 Bxg4 15. Nd4 Nd3+ 16. Kf1 Bh3+ 17. Ke2 Nxf4+ 18. exf4 Qxd4 19. Rad1 Qxf4 20. Rg3 Bg4+ 21. Kf1 Bxd1 22. Qxd1 Qxh4 23. e6 Qh1+ 24. Rg1 Qh3+ 25. Rg2 Qd3+ 26. Qe2 fxe6 27. Ne4 Bb4 28. Rg5 Qxe2+ 29. Kxe2 Rf5 30. Rg6 Re5 31. f3 Rd8 32. Kf1 Kf7 33. Rg3 Rxe4 34. fxe4 Rd3 35. Rg5 g6 36. a3 Be7 37. Rg2 g5 38. Ke2 Rb3 39. Kd1 h4 40. Rf2+ Kg6 41. Kc2 Bc5 42. Rf1 h3 43. e5 h2 44. Rf6+ Kg7 45. Rxe6 h1Q 46. a4 Qg2+ 47. Kd1 Rh3 48. Rh6 Kxh6 0-1

[Event "Orlova op-A 12th"]
[Site "Orlova"]
[Date "2015.05.28"]
[Round "5"]
[White "Olsar, Zdenek"]
[Black "Stonavsky, Filip"]
[Result "1/2-1/2"]
[WhiteElo "1929"]
[BlackElo "1730"]
[PlyCount "51"]
[EventDate "2015.05.24"]
[EventType "swiss"]
[EventRounds "9"]
[EventCountry "CZE"]
[SourceTitle "CBM 166 Extra"]
[Source "ChessBase"]
[SourceDate "2015.06.18"]
[SourceVersion "1"]
[SourceVersionDate "2015.06.18"]
[SourceQuality "1"]

1. e4 c6 2. Nc3 d5 3. d4 dxe4 4. Nxe4 Bf5 5. Ng3 Bg6 6. Nf3 Nd7 7. h4 h6 8. h5 Bh7 9. Bd3 Bxd3 10. Qxd3 Qc7 11. Bd2 Ngf6 12. 0-0-0 e6 13. Ne4 Nxe4 14. Qxe4 Nf6 15. Qe2 0-0-0 16. g3 Be7 17. Kb1 Rhe8 18. c4 Nd7 19. Bc3 Bf6 20. Ne5 Nxe5 21. dxe5 Be7 22. f4 Rxd1+ 23. Rxd1 Rd8 24. Kc2 Rxd1 25. Qxd1 Qb6 26. Kb1 1/2-1/2

[Event "Ostrava Konik op"]
[Site "Ostrava"]
[Date "2014.05.04"]
[Round "9"]
[White "Kaplita, Ladislav"]
[Black "Stonavsky, Filip"]
[Result "0-1"]
[WhiteElo "1678"]
[BlackElo "1558"]
[PlyCount "72"]
[EventDate "2014.04.26"]
[EventType "swiss"]
[EventRounds "9"]
[EventCountry "CZE"]
[SourceTitle "CBM 160 Extra"]
[Source "ChessBase"]
[SourceDate "2014.07.01"]
[SourceVersion "1"]
[SourceVersionDate "2014.07.01"]
[SourceQuality "1"]

1. e4 c5 2. Nf3 d6 3. Bc4 e6 4. Nc3 Nc6 5. a3 a6 6. d3 b5 7. Ba2 Bb7 8. 0-0 Be7 9. d4 cxd4 10. Nxd4 Nf6 11. Bxe6 Nxd4 12. Bxf7+ Kxf7 13. Qxd4 Rf8 14. Bg5 h6 15. Bh4 Kg8 16. Rad1 Ne8 17. Bxe7 Qxe7 18. f3 Qg5 19. Qb6 Qc5+ 20. Qxc5 dxc5 21. Nd5 Bxd5 22. Rxd5 c4 23. b3 Nf6 24. Rd6 Rfd8 25. Rfd1 Rxd6 26. Rxd6 cxb3 27. cxb3 Kf7 28. e5 Ne8 29. Rb6 Ke7 30. a4 bxa4 31. bxa4 a5 32. Kf2 Nc7 33. Rc6 Ra7 34. Kg3 Ne6 35. h4 Rd7 36. Ra6 Rd5 0-1

[Event "Ostrava Konik op"]
[Site "Ostrava"]
[Date "2014.05.02"]
[Round "7"]
[White "Stonavsky, Filip"]
[Black "Szabo, Pavel"]
[Result "1-0"]
[WhiteElo "1558"]
[BlackElo "1720"]
[PlyCount "71"]
[EventDate "2014.04.26"]
[EventType "swiss"]
[EventRounds "9"]
[EventCountry "CZE"]
[SourceTitle "CBM 160 Extra"]
[Source "ChessBase"]
[SourceDate "2014.07.01"]
[SourceVersion "1"]
[SourceVersionDate "2014.07.01"]
[SourceQuality "1"]

1. d4 d5 2. c4 c6 3. Nf3 Nf6 4. Bf4 e6 5. Nc3 Nbd7 6. e3 Be7 7. Bd3 h6 8. Qc2 0-0 9. 0-0 dxc4 10. Bxc4 Nb6 11. Bd3 Nbd5 12. Bg3 Nb4 13. Qb1 Nxd3 14. Qxd3 b6 15. Rfd1 Bb7 16. e4 Qc8 17. Qc2 a6 18. Rd3 c5 19. d5 exd5 20. exd5 Nd7 21. d6 Bf6 22. Re1 Qd8 23. Nd5 Bxd5 24. Rxd5 Qc8 25. Nd2 Qc6 26. Rh5 Rae8 27. Re3 Rxe3 28. fxe3 Bg5 29. Nf1 Re8 30. Qd3 c4 31. Qd2 Qa4 32. Bf2 Bf6 33. Rd5 Qxa2 34. Qc2 Qxb2 35. Qxc4 Qc3 36. Qc7 1-0

[Event "Ostrava Konik op"]
[Site "Ostrava"]
[Date "2014.05.01"]
[Round "6"]
[White "Glacner, Karel"]
[Black "Stonavsky, Filip"]
[Result "0-1"]
[WhiteElo "1579"]
[BlackElo "1558"]
[PlyCount "132"]
[EventDate "2014.04.26"]
[EventType "swiss"]
[EventRounds "9"]
[EventCountry "CZE"]
[SourceTitle "CBM 160 Extra"]
[Source "ChessBase"]
[SourceDate "2014.07.01"]
[SourceVersion "1"]
[SourceVersionDate "2014.07.01"]
[SourceQuality "1"]

1. Nf3 Nf6 2. g3 d5 3. d4 c5 4. Bg2 e6 5. 0-0 Nc6 6. b3 Be7 7. Bb2 Qb6 8. c4 dxc4 9. dxc5 Bxc5 10. Bxf6 gxf6 11. bxc4 Bd7 12. Nc3 Qa5 13. Ne4 Be7 14. Nd6+ Bxd6 15. Qxd6 Rd8 16. Qf4 Ke7 17. a3 h5 18. h4 e5 19. Qd2 Qc5 20. Qc3 Rhg8 21. e3 Bf5 22. Rfe1 Rd3 23. Qb2 b6 24. Qb5 Na5 25. Qxc5+ bxc5 26. Red1 Rgd8 27. Rxd3 Rxd3 28. Bf1 Rc3 29. Nd2 Rc2 30. Rd1 Ra2 31. Be2 Bg6 32. g4 hxg4 33. Bxg4 f5 34. Be2 Rxa3 35. h5 Bh7 36. Nf3 f6 37. Nh4 Nc6 38. Ng6+ Bxg6 39. hxg6 Rb3 40. Rd5 Rb7 41. Rxc5 Nd8 42. Bf1 Ne6 43. Rc8 Rc7 44. Rh8 a5 45. Ra8 Rc5 46. Ra7+ Nc7 47. Bh3 f4 48. Bf1 fxe3 49. fxe3 e4 50. Kf2 Kf8 51. Be2 Kg7 52. Bh5 Kh6 53. Ke2 a4 54. Kd2 a3 55. g7 Kxg7 56. Be2 Kg6 57. Rxa3 f5 58. Ra1 Rc6 59. Rg1+ Kf6 60. Kc3 Ke5 61. Rd1 Ne6 62. Rd5+ Kf6 63. Rd1 Nc7 64. Rf1 Ke5 65. Rd1 Ne6 66. Rd5+ Kf6 0-1